00589nam a2200217Ia 4500008004100000020001800041050001700059050001800076100002200094245002300116245003700139250001600176260001600192260003400208260000900242300001600251300002000267300001100287500005100298650002200349180523s9999 xx 000 0 und d a0-13-122453-0 aMAIN HF 1416 b.K44 2003 c.1 aKeegan, Warren J. 0aGlobal marketing / 0cWarren J. Keegan, Mark C. Green. a3rd Edition aSingapore : bPearson Education South Asia, c2004 a666 pages : billustrations ; c25 cm. aIncludes bibliographical references and index. aExport marketing.